| 000 | 00532nam a2200133Ia 4500 | ||
|---|---|---|---|
| 008 | 220615s9999||||xx |||||||||||||| ||und|| | ||
| 100 | _aBrunello, Giorgio||Wruuck, Patricia | ||
| 245 | 0 |
_aEIB Working Papers 2019/05 - Skill shortages and skill mismatch in Europe _bA review of the literature (Volume 2019/5) |
|
| 546 | _aEnglish[eng] | ||
| 650 | _aBusiness & Economics||Finance||General | ||
| 700 | _aEuropean Investment Bank | ||
| 856 | _uhttps://library.oapen.org/bitstream/20.500.12657/43400/1/external_content.pdf | ||
| 942 | _cEB | ||
| 999 |
_c16519 _d16519 |
||